000 00303nam a2200133Ia 4500
005 20251222155104.0
008 251222s9999||||xx |||||||||||||| ||spa||
082 _aEDUM.53
100 _aSUZANNE KERVVAC.
245 0 _aEl pensamiento enfermero
250 _a1ra. ed.
264 _bMASSAN
942 _cLIB
999 _c37789
_d37789